The goal : (Record no. 150134)

MARC details
000 -LEADER
fixed length control field 00779nam a22002177a 4500
005 - DATE AND TIME OF LATEST TRANSACTION
control field 20180223164002.0
010 ## - LCCN (DPL NO)
LC control number B-663928
020 ## - INTERNATIONAL STANDARD BOOK NUMBER
International Standard Book Number 9788185984568
Terms of availability 575.00
035 ## - SYSTEM CONTROL NUMBER
System control number B-663928
037 ## - SOURCE OF ACQUISITION
Stock number dpl
Source of stock number/acquisition Pansy Books
037 ## - SOURCE OF ACQUISITION
Stock number DBAD/PUB
082 ## - DEWEY DECIMAL CLASSIFICATION NUMBER
Classification number S
100 ## - MAIN ENTRY--PERSONAL NAME
Personal name Goldratt, Eliyahu M.
245 ## - TITLE STATEMENT
Title The goal :
Remainder of title a process of ongoing improvement /
Statement of responsibility, etc by Eliyahu M.Goldratt [and] Jeff Cox
260 ## - PUBLICATION, DISTRIBUTION, ETC. (IMPRINT)
Place of publication, distribution, etc Madras
Name of publisher, distributor, etc Productivity and Quality Publishing
Date of publication, distribution, etc 2015(repr.)
270 ## - ADDRESS
Address 38,Thanikachalam Road,T. Nagar
City Madras
Postal code 600017
300 ## - PHYSICAL DESCRIPTION
Extent 342p.
Dimensions 23cm(pbk)
700 ## - ADDED ENTRY--PERSONAL NAME
Personal name Cox,Jeff
942 ## - ADDED ENTRY ELEMENTS (KOHA)
Source of classification or shelving scheme Dewey Decimal Classification
Item type English Books
Call number suffix GOL
Classification part S
Holdings
Withdrawn status Lost status Not for loan Collection code Home library Current library Date acquired Source of acquisition Cost, normal purchase price Full call number Barcode Copy number Cost, replacement price Koha item type
      Fiction Ashok Vihar Ashok Vihar 23/02/2018 Pansy Books/1623/23.02.17/426/15.02.17/01.03.2017 575.00 S GOL B-663928 1 575.00 English Books

© Delhi Public Library
Hit Counter
free hit counter